000 00546nam a2200217 a 4500
001 0001-2157
003 ELIB.Books
008 190725 2010 eng
020 _a802215777
092 _a220.3
_bSim
100 _aSims, Albert E.
245 _aWho's Who in the Bible
260 _aNew York
_bThe Philosophical Library
_c1982
300 _a96
_c23.5cm
650 _aBible
856 _nKBTS Library
_uKBTS Elib
942 _2ddc
_cBK
990 _a1
998 _aEnglishbooks.elf
_ccat
_e2019-07-25
999 _c12157
_d12157